Statistics for Which UK cities did these bands hail from/originate in?

Click here to take the quiz!

General Stats

  • This quiz has been taken 93 times
  • The average score is 6 of 10

Answer Stats

HintAnswer% Correct
The BeatlesLiverpool
97%
Sex PistolsLondon
91%
OasisManchester
89%
Duran DuranBirmingham
63%
PortisheadBristol
54%
Simple MindsGlasgow
51%
ABCSheffield
47%
Sisters of MercyLeeds
41%
Super Furry AnimalsCardiff
37%
The UndertonesDerry
32%

Score Distribution

Percentile by Number Answered

Percent of People with Each Score

Your Score History

You have not taken this quiz